000 00391nam a2200133Ia 4500
008 100328s9999 xx 000 0 und d
082 _b14208
100 _aपंडित बाळ ज.
245 _aपराक्रमी दौरा
260 _bसकाळ
630 _aपराक्रमी दौरा
730 _aपराक्रमी दौरा
942 _cBOOK
999 _c509198
_d509195